00463nam a2200157Ia 4500008004100000020001400041082001400055100002200069245006300091250000800154260004500162300003000207500001900237600003300256650001600289240925s9999 xx 000 0 und d a136250475 a519.4 MAT aMathews, John H. 0aNumerical Methods for Mathematics Science and Engineering  a2nd aNew Jersey:bPrintice- Hall Int.c,1992. axvii,1271p.bNAfOriginal aIncludes Index aHumanities & Natural Science aMathematics